New venture creation : (Record no. 31216)

MARC details
000 -LEADER
fixed length control field 01070nam a22002657a 4500
005 - DATE AND TIME OF LATEST TRANSACTION
control field 20091030143917.0
008 - FIXED-LENGTH DATA ELEMENTS--GENERAL INFORMATION
fixed length control field 091030t xxu||||| |||| 00| 0 eng d
010 ## - LCCN (DPL NO)
LC control number ENG-95278
020 ## - INTERNATIONAL STANDARD BOOK NUMBER
International Standard Book Number 9780070677388
Terms of availability 495.00
020 ## - INTERNATIONAL STANDARD BOOK NUMBER
International Standard Book Number 0070677387
Terms of availability 495.00
035 ## - SYSTEM CONTROL NUMBER
System control number EN-78811
040 ## - CATALOGING SOURCE
Original cataloging agency DPL
082 ## - DEWEY DECIMAL CLASSIFICATION NUMBER
Classification number 658.1141
Edition number 21
100 ## - MAIN ENTRY--PERSONAL NAME
Personal name Timmons, Jeffry A.
245 ## - TITLE STATEMENT
Title New venture creation :
Remainder of title entrepreneurship for the 21st century /
Statement of responsibility, etc by Jeffry A. Timmons and Stephen Spinelli, Jr.
250 ## - EDITION STATEMENT
Edition statement 7th ed.
260 ## - PUBLICATION, DISTRIBUTION, ETC. (IMPRINT)
Place of publication, distribution, etc New Delhi
Name of publisher, distributor, etc Tata McGraw-Hill Education
Date of publication, distribution, etc 2009
300 ## - PHYSICAL DESCRIPTION
Extent xxx, 658 p. :
Other physical details ill.,
Dimensions 28 cm. (pbk)
500 ## - GENERAL NOTE
General note Includes bibliographical references and index.
650 ## - SUBJECT ADDED ENTRY--TOPICAL TERM
Topical term or geographic name as entry element New business enterprises
Form subdivision Handbooks, manuals, etc.
650 ## - SUBJECT ADDED ENTRY--TOPICAL TERM
Topical term or geographic name as entry element Entrepreneurship
Form subdivision Handbooks, manuals, etc.
700 ## - ADDED ENTRY--PERSONAL NAME
Personal name Spinelli, Stephen.
942 ## - ADDED ENTRY ELEMENTS (KOHA)
Source of classification or shelving scheme Dewey Decimal Classification
Item type Bengali Books
Call number suffix TIM
Classification part 658.1141
Holdings
Withdrawn status Lost status Source of classification or shelving scheme Damaged status Not for loan Collection code Home library Current library Date acquired Source of acquisition Cost, normal purchase price Total Checkouts Full call number Barcode Date last seen Copy number Cost, replacement price Koha item type
    Dewey Decimal Classification   Not For Loan Non-fiction D.B.Act.Division D.B.Act.Division 30/10/2009 DBAD / PUB 495.00   658.1141 TIM EN-78811 30/10/2009 1 495.00 English Books

© Delhi Public Library
Hit Counter
free hit counter